Les Grands Maîtres Templiers connus dans Assassin's Creed - Statistiques

Statistiques générales
  • Ce quiz a été pris 14 fois
  • Le résultat moyen est 3 sur 24
Statistiques - réponses
Titre Dates de fonction Grand MaîtresTempliers % Correct
Grand Maître du Rite italien de l'ordre des Templiers 1476 - 1503 Rodrigo Borgia
70%
Grand Maître du Rite colonial de l'ordre des Templiers 1754 - 1781 Haytham Kenway
50%
Grand Maître de l'Ordre des Templiers 1191 Robert de Sablé
30%
Grand Maegester de l'Ordre des Anciens 871 - 878 Alfred le Grand
20%
Grand Maître du Rite colonial de l'ordre des Templiers 1781 - 1782 Charles Lee
20%
Grand Maître du Rite français de l'ordre des Templiers 1776 - 1789 François de la Serre
20%
Grand Maître du Rite britannique de l'ordre des Templiers 1735 - 1757 Reginald Birch
20%
Grand Maître du Rite britannique de l'ordre des Templiers ? - 1868 Crawford Starrick
10%
Grand Maître du Rite français de l'ordre des Templiers 1789 - 1794 François-Thomas Germain
10%
Grand Maegester de l'Ordre des Anciens 865 - 871 Aethelred
0%
Grand Maegester de l'Ordre des Anciens ? - 858 Aethelwulf
0%
Grand Maître du Rite byzantin de l'ordre des Templiers 1509 - 1512 Ahmet
0%
? ? - 2016 Alan Rikkin
0%
Grand Maître du Rite français de l'ordre des Templiers 1609 Alexandre de Hautecourt
0%
Grand Maître de l'Ordre des Templiers 1191 - 1193 Armand Bouchart
0%
Grand Maître de l'Ordre des Templiers 1185 - 1189 Gérard de Ridefort
0%
Grand Maître de l'Ordre des Templiers 1119 - 1136 Hughes de Payns
0%
Grand Maître de l'Ordre des Templiers 1292 - 1307 Jacques du Molay
0%
Grand Maître du Rite caribéen de l'ordre des Templiers 1673 - 1722 Laureano de Torres y Ayala
0%
Grand Maître de l'Ordre des Templiers 1201 - 1208 Philippe du Plessis
0%
Grand Maître du Rite chinois de l'ordre des Templiers 1925 - ? Stirling Fessenden
0%
Grand Maître du Rite chinois de l'ordre des Templiers ? - 1925 Sun Yat-sen
0%
Grand Maître du Rite britannique de l'ordre des Templiers ? - 1927 Thaddeus Gift
0%
Grand Maître du Rite américain de l'ordre des Templiers 1863 - ? William M.Tweed
0%
Aucun quiz correspondant
Distribution des résultats
% des personnes avec chaque résultat
Percentile par nombre de réponses
Votre historique - résultats
Vous n’avez pas pris ce quiz